[Event "Xtracon Chess Open 2018"]
[Site "Elsinore"]
[Date "2018.07.24"]
[Round "5"]
[White "Jorgensen, Alexander Torp"]
[Black "Nielsen, Morten Majlund"]
[Result "1/2-1/2"]
[WhiteElo "1803"]
[BlackElo "1959"]
[EventDate "2018.07.21"]
[WhiteFideId "1434187"]
[BlackFideId "1445448"]

1.Nf3 Nf6 2.g3 c5 3.c4 Nc6 4.Bg2 g6 5.b3 e5 6.Bb2 d6 7.Nc3 Bg7 8.e3 Bf5 9.
d3 Nb4 10.e4 Bg4 11.h3 Bd7 12.Nh4 O-O 13.Bf3 Nc6 14.Nb1 Nd4 15.Bxd4 cxd4 
16.b4 b5 17.Nd2 a5 18.a4 bxc4 19.Nxc4 axb4 20.Qb3 Qb8 21.O-O Bc6 22.Rfb1 
d5 23.exd5 Nxd5 24.Bxd5 Bxd5 25.Qxb4 Bxc4 26.Qxc4 Qc8 27.Qxc8 Rfxc8 28.a5 
Rc6 29.Nf3 f5 30.Nd2 Bh6 31.Nb3 Raa6 32.Re1 Rc3 33.Rab1 Bg7 34.Rec1 Bf8 
35.Rxc3 dxc3 36.Kf1 Bb4 37.Ke2 c2 38.Rc1 Rc6 39.Na1 Bxa5 40.Rxc2 Rxc2+ 41.
Nxc2 Bb6 42.f3 Kf7 43.g4 Ke6 44.Nb4 Bc5 45.Nc2 Kd5 46.Kf1 e4 47.dxe4+ fxe4
48.fxe4+ Kxe4 49.Kg2 Be7 50.Ne1 Ke3 51.Nf3 Bf6 52.Ng1 Ke4 53.Nf3 Be7 54.
Ng1 Bg5 55.Nf3 Be3 56.Nh2 Bb6 1/2-1/2

[Event "Xtracon Chess Open 2018"]
[Site "Elsinore"]
[Date "2018.07.24"]
[Round "5"]
[White "Schrodt, Sebastian"]
[Black "Schouten, Mathias Lind"]
[Result "0-1"]
[WhiteElo "1955"]
[BlackElo "1784"]
[EventDate "2018.07.21"]
[WhiteFideId "24675563"]
[BlackFideId "1532790"]

1.Nf3 Nf6 2.c4 c5 3.Nc3 Nc6 4.d4 cxd4 5.Nxd4 Nxd4 6.Qxd4 g6 7.e4 d6 8.Be3 
Bg7 9.f3 O-O 10.Qd2 b6 11.Be2 Bb7 12.O-O Rc8 13.Rad1 Qc7 14.b3 Rfd8 15.
Rfe1 a6 16.Na4 Nd7 17.Qb4 Rb8 18.Bxb6 Nxb6 19.Qxb6 Qxb6+ 20.Nxb6 Bxe4 21.
Nd5 Bxd5 22.Rxd5 e6 23.Rd3 Bf8 24.Red1 Be7 25.Kf2 a5 26.f4 Rb4 27.Ke3 a4 
28.c5 d5 29.Rc1 Rc8 30.c6 Rb6 31.c7 Rb7 32.Rdc3 d4+ 33.Kxd4 Bf6+ 34.Kd3 
Bxc3 35.Rxc3 axb3 36.axb3 Rbxc7 37.Rxc7 Rxc7 38.b4 Kf8 39.b5 Ke7 40.Bf3 
Kd6 41.b6 Rd7 42.Kc4 h6 43.Kd4 f6 44.b7 Rd8 45.h4 Kc7+ 46.Ke3 Rg8 47.Kd4 
g5 48.hxg5 hxg5 49.g3 g4 50.Bg2 Rh8 51.Ke3 Rh2 52.Kf2 e5 53.Kg1 Rxg2+ 54.
Kxg2 Kxb7 55.fxe5 fxe5 56.Kf2 Kc6 57.Ke2 Kd5 58.Kd1 Kd4 59.Kd2 e4 60.Ke2 
e3 61.Ke1 Ke5 62.Kf1 Kd5 63.Ke1 Kd4 64.Kd1 Kd3 0-1

[Event "Xtracon Chess Open 2018"]
[Site "Elsinore"]
[Date "2018.07.24"]
[Round "5"]
[White "Mehringer, Joerg"]
[Black "Maharjan, Radha Krishna"]
[Result "1-0"]
[WhiteElo "1933"]
[BlackElo "1765"]
[EventDate "2018.07.21"]
[WhiteFideId "12915351"]
[BlackFideId "12301884"]

1.e4 e6 2.d4 d5 3.exd5 exd5 4.c4 Nf6 5.Nc3 Be7 6.cxd5 Nxd5 7.Nf3 O-O 8.Bd3
Bf6 9.O-O c6 10.h3 Be6 11.Ne4 Be7 12.Neg5 g6 13.Nxe6 fxe6 14.Bh6 Re8 15.
Qd2 Nd7 16.Rae1 Bb4 17.Qc1 Bxe1 18.Rxe1 Qf6 19.Ne5 Nxe5 20.Rxe5 Ne7 21.Bg5
Qf7 22.g4 Nd5 23.Bh6 Qf3 24.Be4 Qf6 25.Qd2 Rac8 26.Bg5 Qf7 27.Bh6 Rcd8 28.
Bc2 Rd7 29.Kg2 Red8 30.Bb3 Re8 31.Qg5 Qe7 32.Qd2 Qf6 33.Bg5 Qf7 34.Bh6 a6 
35.Qg5 a5 36.Qd2 Ra8 37.a3 a4 38.Ba2 b5 39.Qc1 Rc7 40.Qe1 Re8 41.Qe4 Rd7 
42.Qe2 Rdd8 43.Bg5 Rd6 44.Bh6 Rd7 45.Qd2 Rd6 46.Qg5 Qf6 47.Rxd5 Qxg5 48.
Rxg5 Rxd4 49.Rc5 Kf7 50.Rxc6 b4 51.Be3 Re4 52.Kf3 Re5 53.axb4 Rb5 54.Bc5 
Rb7 55.Ke4 Rd7 56.Ke5 Rd2 57.Rc7+ Kg8 58.Bxe6+ Kh8 59.Ra7 Re2+ 60.Be3 Rxb2
61.Rxa4 Rb8 62.Kd5 Rd8+ 63.Ke4 h5 64.gxh5 gxh5 65.Kf5 Rb1 66.Kg6 Rg1+ 67.
Bg5 h4 68.f4 Rf8 69.Ra7 Rxg5+ 70.Kxg5 Rb8 71.Kh6 1-0

[Event "Xtracon Chess Open 2018"]
[Site "Elsinore"]
[Date "2018.07.24"]
[Round "5"]
[White "Jarlnaes, Erik"]
[Black "Christiansen, Torsten Sundgaar"]
[Result "1/2-1/2"]
[WhiteElo "1930"]
[BlackElo "1722"]
[EventDate "2018.07.21"]
[WhiteFideId "1414623"]
[BlackFideId "1419714"]

1.e4 g6 2.Bc4 Nf6 3.d3 d5 4.exd5 Nxd5 5.Qf3 Nf6 6.Nc3 Nc6 7.Bb5 Bd7 8.Nge2
Bg7 9.h3 O-O 10.Bf4 Nb4 11.Bxd7 Qxd7 12.Rc1 c6 13.O-O Rad8 14.a3 Nbd5 15.
Be5 Nxc3 16.Nxc3 Nd5 17.Bxg7 Kxg7 18.Nxd5 Qxd5 19.Qe3 Qd4 20.Qxd4+ Rxd4 
21.Rfe1 Kf6 22.Re3 Rfd8 23.Rce1 e6 1/2-1/2

[Event "Xtracon Chess Open 2018"]
[Site "Elsinore"]
[Date "2018.07.24"]
[Round "5"]
[White "Manz, Andreas"]
[Black "Strachan, Christian C."]
[Result "1-0"]
[WhiteElo "1791"]
[BlackElo "1927"]
[EventDate "2018.07.21"]
[WhiteFideId "24660108"]
[BlackFideId "1417215"]

1.d4 d5 2.c4 c6 3.cxd5 cxd5 4.Nc3 Nf6 5.Bf4 Nc6 6.e3 a6 7.Bd3 e6 8.Rc1 Bd6
9.Bxd6 Qxd6 10.f4 b5 11.a3 Bb7 12.Nf3 O-O 13.Ne5 Na5 14.O-O Nc4 15.Qe2 
Rac8 16.g4 Nd7 17.g5 Ndxe5 18.fxe5 Qe7 19.Rf6 g6 20.h4 Kg7 21.Rcf1 Nxa3 
22.Nd1 Nc4 23.Nf2 Qb4 24.Nd1 Nxe5 25.dxe5 Qxh4 26.Qg2 Qb4 27.Qf3 Rc7 28.
Rf4 Qd2 29.Rd4 Qc1 30.Qf6+ Kg8 31.Bxg6 hxg6 32.Rh4 1-0

[Event "Xtracon Chess Open 2018"]
[Site "Elsinore"]
[Date "2018.07.24"]
[Round "5"]
[White "Nielsen, Palle"]
[Black "Andersen, Dag"]
[Result "1/2-1/2"]
[WhiteElo "1771"]
[BlackElo "1915"]
[EventDate "2018.07.21"]
[WhiteFideId "1408526"]
[BlackFideId "1504568"]

1.e4 c5 2.Nf3 e6 3.d4 cxd4 4.Nxd4 Nc6 5.Nc3 Qc7 6.Ndb5 Qb8 7.g3 a6 8.Nd4 
Nf6 9.a3 Qc7 10.Bg2 Nxd4 11.Qxd4 Bc5 12.Qd3 O-O 13.O-O Rb8 14.Bf4 e5 15.
Bg5 Be7 16.Rad1 b5 17.Rd2 h6 18.Bxf6 Bxf6 19.Nd5 Qd6 20.Nxf6+ Qxf6 21.Qd6 
Qxd6 22.Rxd6 b4 23.axb4 Rxb4 24.b3 Re8 1/2-1/2

[Event "Xtracon Chess Open 2018"]
[Site "Elsinore"]
[Date "2018.07.24"]
[Round "5"]
[White "Voll, Oddvar U"]
[Black "Warston, Hakan"]
[Result "1-0"]
[WhiteElo "1915"]
[BlackElo "1662"]
[EventDate "2018.07.21"]
[WhiteFideId "1533827"]
[BlackFideId "1717367"]

1.e4 e6 2.d4 d5 3.Nd2 c5 4.c3 Nc6 5.Ngf3 Nf6 6.Bd3 cxd4 7.cxd4 Bb4 8.e5 
Nd7 9.O-O O-O 10.Re1 f6 11.exf6 Nxf6 12.a3 Bd6 13.b4 a6 14.Nf1 h6 15.Bc2 
Qc7 16.Bb2 Bd7 17.Rc1 Bf4 18.Ne3 Rad8 19.g3 Bd6 20.Ne5 Be8 21.N3g4 Qe7 22.
Ng6 Bxg6 23.Bxg6 Nxg4 24.Qxg4 Qf6 25.Qxe6+ Kh8 26.Qxf6 Rxf6 27.Bb1 Rdf8 
28.Re2 R6f7 29.Rce1 Be7 30.Ba2 Rf5 31.f4 g5 32.Bb1 R5f7 33.Bg6 Rf6 34.f5 
Kg7 35.Kg2 Bd6 36.g4 Ne7 37.Bh5 Nc6 38.Kf3 Bf4 39.h3 Rd6 40.Re8 Rdf6 41.
Rxf8 Rxf8 42.Be8 Rf6 43.Ke2 Kf8 44.Kd3 Ne7 45.Ba4 b5 46.Bb3 Kf7 47.a4 Rc6 
48.axb5 axb5 49.Bc3 Ra6 50.Ra1 Rxa1 51.Bxa1 Kf6 52.Kc3 Bd6 53.Bb2 Bf4 54.
Bd1 Nc8 55.Be2 Nd6 56.Bf3 Ne4+ 57.Bxe4 dxe4 58.Kc2 Kf7 59.Bc1 Bd6 60.Kc3 
Kf6 61.Be3 Bg3 62.d5 Bd6 63.Bd4+ Kf7 64.Kb3 Bf4 65.Bc5 e3 66.Kc2 e2 67.Bf2
Be3 68.Be1 Ke7 69.Kd3 Bf4 70.Kxe2 Kd6 71.Kd3 Kxd5 72.Bc3 Bd6 73.Bg7 Bxb4 
74.Bxh6 Be7 75.Bg7 b4 76.f6 Bc5 77.f7 b3 78.f8=Q Bxf8 79.Bxf8 b2 80.Kc2 
Ke4 81.Bh6 Kf4 82.Bxg5+ 1-0

[Event "Xtracon Chess Open 2018"]
[Site "Elsinore"]
[Date "2018.07.24"]
[Round "5"]
[White "Rasmussen, Morten Fredsgaard"]
[Black "Nielsen, Jorgen Kamp"]
[Result "1-0"]
[WhiteElo "1901"]
[BlackElo "1674"]
[EventDate "2018.07.21"]
[WhiteFideId "1410636"]
[BlackFideId "1413279"]

1.d4 Nf6 2.Nf3 c5 3.c3 e6 4.Bf4 Qb6 5.Qb3 Nc6 6.Qxb6 axb6 7.Na3 Ne4 8.Nb5 
Ra5 9.e3 Be7 10.Nc7+ Kd8 11.Nb5 Ke8 12.Bd3 d5 13.a4 Nf6 14.O-O c4 15.Bc2 
Nh5 16.Bc7 Ra6 17.Ne5 Nf6 18.Bd6 Bd8 19.Ba3 Be7 20.Nc7+ 1-0

[Event "Xtracon Chess Open 2018"]
[Site "Elsinore"]
[Date "2018.07.24"]
[Round "5"]
[White "Alfven, Jorgen"]
[Black "Knudsen, Jan"]
[Result "1-0"]
[WhiteElo "1896"]
[BlackElo "1659"]
[EventDate "2018.07.21"]
[WhiteFideId "1715950"]
[BlackFideId "1460803"]

1.d4 f5 2.Nc3 e6 3.e4 Bb4 4.exf5 exf5 5.Bd3 d5 6.Qh5+ g6 7.Qf3 Nf6 8.Bg5 
c6 9.Ne2 O-O 10.h4 Qb6 11.Bxf6 Rxf6 12.Kd2 Qd8 13.Nf4 Nd7 14.a3 Ba5 15.
Rae1 Nf8 16.Rh3 Ne6 17.Nxe6 Rxe6 18.Reh1 Rf6 19.Re1 Bc7 20.Rhh1 Re6 21.g3 
Qf6 22.Ne2 Bd7 23.c3 Rae8 24.Nf4 Rxe1 25.Rxe1 Rxe1 26.Kxe1 Qe7+ 27.Kd2 b5 
28.Bc2 Kg7 29.Ng2 a5 30.Bd3 a4 31.Kc2 Bd6 32.h5 Qg5 33.hxg6 hxg6 34.Qe2 
Qe7 35.Qd2 Bc7 36.f4 Bd6 37.Qf2 Bc7 38.Ne1 Bd8 39.Nf3 Qf8 40.Ne5 Be8 41.
Qf3 Kg8 42.Qe2 Bf6 43.g4 fxg4 44.Qxg4 Bxe5 45.dxe5 Kh8 46.Qh4+ Kg7 47.Qg5 
Kh8 48.f5 gxf5 49.Bxf5 Qg7 50.Qxg7+ Kxg7 51.Kd2 Kh6 52.Ke3 Kg5 53.Bd3 Bg6 
54.Be2 c5 55.Bxb5 Kf5 56.Bd3+ Kg5 57.Bxg6 Kxg6 58.Kf4 Kf7 59.Kf5 Ke8 60.e6
Ke7 61.Ke5 d4 62.cxd4 cxd4 63.Kxd4 Kxe6 64.Kc4 Kd6 65.Kb4 Kc6 66.Kxa4 Kb6 
67.b4 Ka6 68.b5+ Kb6 69.Kb4 Kb7 70.Kc5 Ka7 71.b6+ Kb7 72.Kb5 Ka8 73.Ka6 
Kb8 74.b7 1-0

[Event "Xtracon Chess Open 2018"]
[Site "Elsinore"]
[Date "2018.07.24"]
[Round "5"]
[White "Rasmussen, Jonas H"]
[Black "Sorokin, Artem"]
[Result "1-0"]
[WhiteElo "1892"]
[BlackElo "1660"]
[EventDate "2018.07.21"]
[WhiteFideId "1511637"]
[BlackFideId "44133561"]

1.d4 d5 2.Nf3 Nf6 3.g3 e6 4.Bg2 Bd6 5.O-O O-O 6.Nbd2 Nbd7 7.c4 b6 8.b3 Bb7
9.Bb2 c5 10.e3 Rc8 11.Rc1 Re8 12.Re1 h6 13.Ne5 Ne4 14.Nxe4 dxe4 15.Nxd7 
Qxd7 16.dxc5 bxc5 17.Qc2 f5 18.Red1 Qe7 19.Rd2 Red8 20.Rcd1 Bc7 21.Bc3 
Rxd2 22.Rxd2 Rd8 23.Rxd8+ Qxd8 24.Qb2 Qd7 25.Be5 Ba5 26.Bf1 Bc6 27.a3 Qb7 
28.Bc3 Bd8 29.b4 a5 30.b5 Be8 31.Be5 Bh5 32.Qd2 Be7 33.Qxa5 Qd7 34.Qc7 
Qxc7 35.Bxc7 Be8 36.a4 1-0

[Event "Xtracon Chess Open 2018"]
[Site "Elsinore"]
[Date "2018.07.24"]
[Round "5"]
[White "Leonhardsen, Vebjorn Maanum"]
[Black "Moller, Arne Vang"]
[Result "1/2-1/2"]
[WhiteElo "1726"]
[BlackElo "1890"]
[EventDate "2018.07.21"]
[WhiteFideId "1539515"]
[BlackFideId "1406175"]

1.d4 Nf6 2.Nf3 e6 3.Bg5 Be7 4.e3 Ne4 5.Bxe7 Qxe7 6.c3 O-O 7.Bd3 f5 8.O-O 
b6 9.Nbd2 Bb7 10.Re1 d6 11.Qc2 d5 12.Ne5 Nxd2 13.Qxd2 Nd7 14.Nxd7 Qxd7 15.
Rac1 Rac8 16.b3 Qe7 17.Qe2 c5 18.Ba6 Rc7 19.Bxb7 Rxb7 20.Rc2 Rc7 21.Rec1 
Rfc8 22.g3 g6 23.Qd2 Kg7 24.Kg2 h6 25.Qe2 1/2-1/2

[Event "Xtracon Chess Open 2018"]
[Site "Elsinore"]
[Date "2018.07.24"]
[Round "5"]
[White "Smeby, Ole"]
[Black "Jorgensen, Orla Eilegaard"]
[Result "1-0"]
[WhiteElo "1887"]
[BlackElo "1639"]
[EventDate "2018.07.21"]
[WhiteFideId "1503677"]
[BlackFideId "1413368"]

1.d4 Nf6 2.c4 e6 3.Nf3 d5 4.e3 Nbd7 5.Bd3 dxc4 6.Bxc4 Nb6 7.Bd3 c5 8.O-O 
cxd4 9.exd4 Bd6 10.Nc3 O-O 11.Bg5 Be7 12.Qd2 Nbd5 13.Rac1 a6 14.a3 b5 15.
Bb1 Bb7 16.Nxd5 Nxd5 17.Qd3 g6 18.Bh6 Re8 19.Rfe1 Bf8 20.Bxf8 Rxf8 21.Qd2 
Nf6 22.Rc3 Ne4 23.Bxe4 1-0

[Event "Xtracon Chess Open 2018"]
[Site "Elsinore"]
[Date "2018.07.24"]
[Round "5"]
[White "Undheim, Bjarne"]
[Black "Narheim, Mats"]
[Result "1/2-1/2"]
[WhiteElo "1878"]
[BlackElo "1544"]
[EventDate "2018.07.21"]
[WhiteFideId "1506862"]
[BlackFideId "1518607"]

1.e4 c5 2.Nf3 g6 3.d4 cxd4 4.Nxd4 Bg7 5.Be3 Nc6 6.c3 Nf6 7.Nd2 O-O 8.Be2 
b6 9.Nxc6 dxc6 10.O-O Bb7 11.Qc2 c5 12.Bf4 Qc8 13.h3 Rd8 14.Rfe1 h5 15.Bc4
Ba6 16.Qb3 Bxc4 17.Qxc4 Qb7 18.f3 Nd7 19.Qd5 Qc8 20.Qg5 Ne5 21.Bxe5 Bxe5 
22.Qxe5 Rxd2 23.Qxe7 Rxb2 24.Red1 Qe8 25.Qg5 Qb5 26.e5 Re8 27.Kh2 Qe2 28.
f4 Qc2 29.Rd7 Qf5 30.Qxf5 gxf5 31.Rxa7 Rd8 32.Rb7 Rdd2 33.Rg1 Rdc2 34.a4 
Ra2 35.Rxb6 Rxa4 36.Rf6 Rxf4 37.Kg3 Rcf2 38.Rc6 h4+ 39.Kh2 Rc4 40.e6 fxe6 
41.Rc7 Rd2 42.Rb1 Rd8 43.Rbb7 Rxc3 44.Rg7+ Kf8 45.Rh7 Rg3 46.Rh8+ Rg8 47.
Rhh7 Rc8 48.Rhf7+ Ke8 49.Rbe7+ Kd8 50.Rxe6 c4 51.Rxf5 c3 52.Ree5 c2 53.
Rd5+ Ke8 54.Rfe5+ Kf8 55.Rf5+ Ke8 56.Rfe5+ Kf8 57.Rf5+ 1/2-1/2

[Event "Xtracon Chess Open 2018"]
[Site "Elsinore"]
[Date "2018.07.24"]
[Round "5"]
[White "Hansen, Verner"]
[Black "Joensen, Sigurd"]
[Result "1-0"]
[WhiteElo "1876"]
[BlackElo "1515"]
[EventDate "2018.07.21"]
[WhiteFideId "1425285"]
[BlackFideId "7200935"]

1.e4 e5 2.Nf3 d6 3.d4 exd4 4.Nxd4 Nf6 5.Nc3 Be7 6.Bc4 Nbd7 7.O-O Ne5 8.Bb3
O-O 9.Qe2 Bg4 10.f3 Bh5 11.Be3 Bg6 12.Rad1 Qe8 13.h3 Kh8 14.Qf2 h6 15.Nde2
Ng8 16.f4 Nd7 17.Ng3 Nc5 18.Bc4 Bh4 19.f5 Bh7 20.Qf3 Bxg3 21.Qxg3 Nd7 22.
Bd4 f6 23.Nd5 Ne5 24.Bb3 c6 25.Nf4 Qd7 26.Ne6 Rfe8 27.Bxe5 fxe5 28.Qxe5 
1-0

[Event "Xtracon Chess Open 2018"]
[Site "Elsinore"]
[Date "2018.07.24"]
[Round "5"]
[White "Wiberg, Jonas"]
[Black "Skaale, Janus"]
[Result "0-1"]
[WhiteElo "1715"]
[BlackElo "1867"]
[EventDate "2018.07.21"]
[WhiteFideId "1720090"]
[BlackFideId "7201575"]

1.b3 e5 2.Bb2 Nc6 3.c4 Nf6 4.g3 d5 5.cxd5 Qxd5 6.f3 Be6 7.Nc3 Qd7 8.e3 
O-O-O 9.a3 Bxb3 10.Bh3 Be6 11.Bxe6 Qxe6 12.Qa4 Nd7 13.Bc1 Nc5 14.Qc2 Na5 
15.Ne4 Nd3+ 16.Ke2 Nb3 17.Bb2 Qa6 0-1

[Event "Xtracon Chess Open 2018"]
[Site "Elsinore"]
[Date "2018.07.24"]
[Round "5"]
[White "Hjornevik, Knut J"]
[Black "Hina, Ariza"]
[Result "1-0"]
[WhiteElo "1860"]
[BlackElo "1483"]
[EventDate "2018.07.21"]
[WhiteFideId "1505157"]
[BlackFideId "1525441"]

1.d4 d5 2.c4 c6 3.Nf3 Nf6 4.Nc3 e6 5.e3 Nbd7 6.b3 Bb4 7.Bd2 O-O 8.Be2 Bxc3
9.Bxc3 Ne4 10.Bb2 Qa5+ 11.Nd2 Ndf6 12.f3 Nxd2 13.Qxd2 Qxd2+ 14.Kxd2 Rd8 
15.Kc2 Bd7 16.Rad1 Rac8 17.Kb1 Be8 18.Rhe1 b6 19.Bf1 c5 20.dxc5 bxc5 21.
Rd2 Bc6 22.Red1 Bb7 23.cxd5 exd5 24.Bxf6 gxf6 25.Bc4 Re8 26.Bxd5 Bxd5 27.
Rxd5 Rxe3 28.Rd8+ Rxd8 29.Rxd8+ Kg7 30.Kc2 Re2+ 31.Rd2 Re3 32.Rf2 f5 33.
Kd2 Re5 34.Kc3 Kf6 35.Kc4 Ke6 36.f4 Rd5 37.g3 a6 38.Re2+ Kd6 39.Re8 Rd4+ 
40.Kc3 Re4 41.Ra8 Re2 42.Rxa6+ Kd5 43.Rh6 Rxa2 44.Rxh7 Ke6 45.h4 Rg2 46.
Rg7 Kf6 47.Rg8 Ke7 48.h5 f6 49.h6 Rh2 50.Rg7+ Kf8 51.Kc4 Rxh6 52.Rd7 Rg6 
53.Rd3 Rg7 54.Kxc5 Rc7+ 55.Kd6 Re7 56.Rc3 Re4 57.Kc5 Ke7 58.Rd3 Re1 59.b4 
Rb1 60.b5 Rc1+ 61.Kb6 Rb1 62.Kc6 Rb4 63.b6 Rc4+ 64.Kb7 Rb4 65.Kc7 Rc4+ 66.
Kb8 Rb4 67.b7 Rb5 68.Kc7 1-0

[Event "Xtracon Chess Open 2018"]
[Site "Elsinore"]
[Date "2018.07.24"]
[Round "5"]
[White "Haugaard, Thomas"]
[Black "Dahl, Max"]
[Result "1/2-1/2"]
[WhiteElo "1697"]
[BlackElo "1848"]
[EventDate "2018.07.21"]
[WhiteFideId "1414330"]
[BlackFideId "1526626"]

1.d4 Nf6 2.c4 e6 3.Nc3 Bb4 4.Nf3 O-O 5.g3 d5 6.Bg2 c6 7.O-O Nbd7 8.cxd5 
exd5 9.Qc2 Re8 10.Bd2 Nf8 11.a3 Bxc3 12.Bxc3 Ne4 13.e3 Nd6 14.Bb4 Bf5 15.
Qc1 h6 16.Bxd6 Qxd6 17.Qd2 Nd7 18.Nh4 Bh7 19.Bh3 Nb6 20.Bf5 Qf6 21.Bxh7+ 
Kxh7 22.Qc2+ Kg8 23.b3 Qe6 24.Rac1 Nc8 25.Ng2 Nd6 26.f3 Qf5 27.Qxf5 Nxf5 
28.Rfe1 Re7 29.g4 Nd6 30.Kf2 Rae8 31.Nf4 Kh7 32.Nd3 f6 33.Rc2 Kg8 34.Rce2 
Kf7 35.a4 g5 36.h3 h5 37.Kg3 hxg4 38.hxg4 Rh8 39.Rh2 Rxh2 40.Kxh2 Ke8 41.
Kg2 Kd8 1/2-1/2

[Event "Xtracon Chess Open 2018"]
[Site "Elsinore"]
[Date "2018.07.24"]
[Round "5"]
[White "Stam, Bart"]
[Black "Lye, Sverre"]
[Result "1-0"]
[WhiteElo "1845"]
[BlackElo "1405"]
[EventDate "2018.07.21"]
[WhiteFideId "1006240"]
[BlackFideId "1539353"]

1.e4 c5 2.Nf3 e6 3.b3 a6 4.c4 b5 5.cxb5 Bb7 6.Nc3 g6 7.Bb2 Bg7 8.Qc2 Nf6 
9.Bd3 O-O 10.O-O d5 11.exd5 exd5 12.Ba3 Nfd7 13.bxa6 Nxa6 14.Rae1 Qa5 15.
Na4 Rfe8 16.Rxe8+ Rxe8 17.Re1 Rc8 18.Re7 Qd8 19.Rxd7 Qxd7 20.Nb6 Nb4 21.
Bxb4 cxb4 22.Nxd7 Rxc2 23.Bxc2 d4 24.Kf1 Bxf3 25.gxf3 f5 26.Ke2 Kf7 27.f4 
Ke6 28.Nb6 Bh6 29.Kf3 Kd6 30.Bd3 g5 31.fxg5 Bxg5 32.Bxf5 1-0

[Event "Xtracon Chess Open 2018"]
[Site "Elsinore"]
[Date "2018.07.24"]
[Round "5"]
[White "Saravana, Vedant Kumar"]
[Black "Agustsson, Hafsteinn"]
[Result "1-0"]
[WhiteElo "1691"]
[BlackElo "1844"]
[EventDate "2018.07.21"]
[WhiteFideId "45059730"]
[BlackFideId "2302047"]

1.e4 c5 2.Nf3 Nc6 3.Bb5 g6 4.Bxc6 dxc6 5.d3 Bg7 6.O-O e6 7.Nc3 Ne7 8.Be3 
b6 9.Qd2 O-O 10.Bh6 Qc7 11.Bxg7 Kxg7 12.Rfe1 e5 13.Qg5 f6 14.Qg3 Be6 15.
Rad1 Qd7 16.h4 Ng8 17.h5 Bg4 18.hxg6 hxg6 19.Rc1 Ne7 20.Nd2 Rh8 21.f3 Qd4+
22.Kf1 Be6 23.Ke2 c4 24.Qf2 Rh2 25.Rh1 Rah8 26.Rxh2 cxd3+ 27.cxd3 Rxh2 28.
Qg1 Rh8 29.Qxd4 exd4 30.Na4 g5 31.b3 Rh2 32.Kf2 c5 33.Nb2 Nc6 34.a3 Bd7 
35.Nbc4 Kf7 36.Nd6+ Ke6 37.N6c4 b5 38.Nb2 Kd6 39.a4 a6 40.axb5 axb5 41.e5+
Kxe5 42.Rxc5+ Kf4 43.Nf1 g4 44.Nxh2 g3+ 45.Kg1 gxh2+ 46.Kxh2 Na5 47.Rd5 
Bc6 48.Rxd4+ Ke3 49.Rd6 Bxf3 50.gxf3 Kd2 51.Rb6 Kc2 52.Rxb5 1-0

[Event "Xtracon Chess Open 2018"]
[Site "Elsinore"]
[Date "2018.07.24"]
[Round "5"]
[White "Tulliez, Andre"]
[Black "Nielsen, Henrik Wendelbo"]
[Result "1/2-1/2"]
[WhiteElo "1678"]
[BlackElo "1831"]
[EventDate "2018.07.21"]
[WhiteFideId "45107181"]
[BlackFideId "1412302"]

1.e4 e6 2.d4 d5 3.Bd3 dxe4 4.Bxe4 Nf6 5.Bf3 Be7 6.Ne2 O-O 7.O-O Na6 8.Nbc3
c6 9.Ne4 Nc7 10.c4 Nce8 11.N2c3 Nxe4 12.Nxe4 Nf6 13.Be3 Nxe4 14.Bxe4 f5 
15.Bf3 f4 16.Bc1 Bf6 17.d5 cxd5 18.cxd5 e5 19.Be4 Qd6 20.Qd3 h6 21.Bd2 Bd7
22.Qb3 Be7 23.a3 a5 24.Rac1 Kh8 25.Rc2 b6 26.Rfc1 Rac8 27.Rxc8 Rxc8 28.
Rxc8+ Bxc8 29.Qc4 Qc5 30.Qxc5 Bxc5 31.Bc3 Bd6 1/2-1/2

[Event "Xtracon Chess Open 2018"]
[Site "Elsinore"]
[Date "2018.07.24"]
[Round "5"]
[White "Pavlov, Mikhail"]
[Black "Kristiansen, Elias V."]
[Result "1-0"]
[WhiteElo "1830"]
[BlackElo "1163"]
[EventDate "2018.07.21"]
[WhiteFideId "44126573"]
[BlackFideId "1530003"]

1.e4 Nf6 2.e5 Nd5 3.d4 d6 4.c4 Nb6 5.exd6 cxd6 6.Nf3 Bg4 7.Be2 Nc6 8.b3 g6
9.Bb2 Bg7 10.Nbd2 O-O 11.O-O a5 12.a3 Nd7 13.h3 Bxf3 14.Nxf3 Nf6 15.Re1 
Nh5 16.Bd3 Qb6 17.Bc2 Nf4 18.Qc1 Nh5 19.d5 Na7 20.Bxg7 Kxg7 21.Qb2+ Kg8 
22.Rxe7 Rac8 23.Qd4 Qxd4 24.Nxd4 Rb8 25.Rae1 Nc8 26.Re8 Nb6 27.Rxb8 Rxb8 
28.Nb5 a4 29.Nxd6 Kf8 30.Nb5 axb3 31.Bxb3 Rc8 32.Nd6 Ra8 33.a4 Nd7 34.Rb1 
Nc5 35.Bc2 Nf4 36.Rb5 Nxa4 37.Bxa4 Rxa4 38.Rxb7 Ne2+ 39.Kh2 Kg8 40.c5 Nf4 
41.c6 Nxd5 42.c7 Nxc7 43.Rxc7 Rf4 44.Kg3 1-0

[Event "Xtracon Chess Open 2018"]
[Site "Elsinore"]
[Date "2018.07.24"]
[Round "5"]
[White "Hjornevik, Oyvind"]
[Black "Dishman, Matthew"]
[Result "0-1"]
[WhiteElo "1414"]
[BlackElo "1820"]
[EventDate "2018.07.21"]
[WhiteFideId "1516159"]
[BlackFideId "438642"]

1.c4 Nf6 2.g3 e6 3.Bg2 d5 4.cxd5 exd5 5.d4 c6 6.Nc3 Bf5 7.Nf3 Be7 8.Qb3 
Qb6 9.Qxb6 axb6 10.Ne5 Nbd7 11.Bf4 b5 12.b3 Bb4 13.Bd2 O-O 14.O-O Bxc3 15.
Bxc3 Nxe5 16.dxe5 Ne4 17.Bb2 Rfe8 18.f3 Nc5 19.Rfe1 h5 20.h4 Nd7 21.f4 Nc5
22.Bd4 Ne4 23.Bxe4 Bxe4 24.Kf2 Ra6 25.Rec1 Rea8 26.b4 Kf8 27.a3 Rxa3 28.
Bb2 R3a4 29.Bd4 g6 30.Rxa4 Rxa4 31.Ra1 Ke7 32.Rxa4 bxa4 33.Bb6 Ke6 34.Ke1 
a3 35.Kd2 a2 36.Bd4 Kf5 37.Ke3 Bc2 38.Bc3 Bb3 39.Bd4 Bc4 40.Bc3 b6 41.Kf3 
c5 42.bxc5 bxc5 43.Ba1 Bb5 44.Bb2 Bc6 45.Kf2 Ke4 46.e3 Kd3 0-1

[Event "Xtracon Chess Open 2018"]
[Site "Elsinore"]
[Date "2018.07.24"]
[Round "5"]
[White "Yilmaz, Kazim"]
[Black "Andersen, Daniel"]
[Result "0-1"]
[WhiteElo "1669"]
[BlackElo "1917"]
[EventDate "2018.07.21"]
[WhiteFideId "1514326"]
[BlackFideId "1402714"]

1.Nf3 Nf6 2.d4 g6 3.c4 Bg7 4.Nc3 d5 5.cxd5 Nxd5 6.e4 Nxc3 7.bxc3 O-O 8.Be2
c5 9.e5 cxd4 10.cxd4 Nc6 11.O-O Be6 12.Be3 Rc8 13.Qd2 Bd5 14.Rfd1 a6 15.
Bh6 b5 16.Bxg7 Kxg7 17.a4 Qb6 18.axb5 axb5 19.h4 Rfd8 20.Qb2 b4 21.Ra6 Qb7
22.Rda1 Ra8 23.Rxa8 Rxa8 24.Rxa8 Qxa8 25.Nd2 Qa2 26.Qxa2 Bxa2 27.Bc4 Bxc4 
28.Nxc4 Nxd4 29.Kf1 f6 30.exf6+ Kxf6 31.Ke1 Ke6 32.Kd2 Kd5 33.Nb6+ Kc5 34.
Nd7+ Kc4 35.Ne5+ Kd5 36.Nd3 Nc6 37.Kc2 Kd4 38.Nf4 Ke5 39.Nd3+ Kf5 40.Kb3 
Kg4 41.Nxb4 Nxb4 42.Kxb4 Kxh4 43.Kc4 Kg4 44.Kd5 Kf5 45.Kd4 Kf4 46.Kd5 e5 
47.Ke6 e4 48.Kf6 g5 49.Ke6 g4 50.Kd5 h5 51.Kd4 h4 52.g3+ hxg3 53.fxg3+ 
Kxg3 54.Kxe4 Kf2 55.Kf4 g3 56.Kg4 g2 57.Kf5 g1=Q 58.Ke6 Qg5 59.Kd7 Ke3 60.
Kc6 Kd4 61.Kb6 Qc5+ 62.Kb7 Qd6 63.Ka7 Qc6 64.Kb8 Qd7 65.Ka8 Kc5 66.Kb8 Kb6
67.Ka8 Qb7# 0-1

[Event "Xtracon Chess Open 2018"]
[Site "Elsinore"]
[Date "2018.07.24"]
[Round "5"]
[White "Christensen, Jacob Foged"]
[Black "Nielsen, Leo Kresten Roland"]
[Result "1-0"]
[WhiteElo "1916"]
[BlackElo "1653"]
[EventDate "2018.07.21"]
[WhiteFideId "1439073"]
[BlackFideId "1426095"]

1.d4 d5 2.Nf3 g6 3.c4 e6 4.Nc3 c6 5.Bf4 Bg7 6.e3 Ne7 7.Be2 dxc4 8.Bxc4 Nd5
9.Bg3 b5 10.Be2 Nd7 11.O-O N7f6 12.Ne5 Bd7 13.Bf3 Nxc3 14.bxc3 Nd5 15.Qb3 
O-O 16.Rac1 f6 17.Nd3 a5 18.a3 Be8 19.c4 a4 20.Qa2 bxc4 21.Qxc4 f5 22.Nb4 
f4 23.exf4 Qf6 24.Nxc6 Bxc6 25.Qxc6 Rfc8 26.Qxc8+ Rxc8 27.Rxc8+ Bf8 28.
Bxd5 exd5 29.f5 Qxf5 30.Ra8 Qd7 31.Rc1 Qb7 32.Rb8 Qe7 33.h3 Qxa3 34.Rcc8 
Qa1+ 35.Kh2 Qxd4 36.Rxf8+ Kg7 37.Rbe8 Qb4 38.Be5+ Kh6 39.f4 a3 40.Rf7 a2 
41.Rxh7+ 1-0

[Event "Xtracon Chess Open 2018"]
[Site "Elsinore"]
[Date "2018.07.24"]
[Round "5"]
[White "Bernstein, Jonas August"]
[Black "Damm-Frydenberg, Anders"]
[Result "0-1"]
[WhiteElo "1661"]
[BlackElo "1909"]
[EventDate "2018.07.21"]
[WhiteFideId "1532154"]
[BlackFideId "1462970"]

1.d4 d5 2.c4 e6 3.Nc3 Be7 4.cxd5 exd5 5.Bf4 c6 6.e3 Bd6 7.Bxd6 Qxd6 8.Bd3 
Ne7 9.Qc2 b6 10.Nf3 Ba6 11.O-O Bxd3 12.Qxd3 Nd7 13.e4 O-O 14.Rfe1 dxe4 15.
Qxe4 Rfe8 16.Ng5 Nf6 17.Qf3 Qxd4 18.Nce4 Ned5 19.Nd6 Rxe1+ 20.Rxe1 Qd2 21.
Qe2 Qxg5 22.Nxf7 Kxf7 23.Qe6+ Kg6 24.Qxc6 Qd2 25.Rf1 Re8 0-1

[Event "Xtracon Chess Open 2018"]
[Site "Elsinore"]
[Date "2018.07.24"]
[Round "5"]
[White "Christensen, Verner"]
[Black "Petersen, Jan"]
[Result "1/2-1/2"]
[WhiteElo "1886"]
[BlackElo "1647"]
[EventDate "2018.07.21"]
[WhiteFideId "1416006"]
[BlackFideId "1426320"]

1.e4 e5 2.Bc4 Nf6 3.d3 Nc6 4.Nc3 Bc5 5.f4 d6 6.f5 h6 7.a3 Bd7 8.Ba2 a6 9.
Nh3 Ne7 10.Qe2 Nc6 11.Be3 Bxe3 12.Qxe3 Nd4 13.O-O-O Qe7 14.Kb1 Ng4 15.Qg3 
Nf6 16.Rd2 O-O-O 17.Ne2 Nxe2 18.Rxe2 Bc6 19.Rhe1 Rhg8 20.Qf3 Kb8 21.g4 g5 
22.Nf2 Rh8 23.Nd1 Rdg8 24.Ne3 Rg7 25.Rh1 h5 26.h3 Rgh7 27.Ree1 Qf8 28.b4 
Rh6 29.Reg1 hxg4 30.Nxg4 Nxg4 31.hxg4 f6 32.Rxh6 Qxh6 33.Bf7 Qh2 34.Qg2 
Ba4 35.Bh5 Qxg2 36.Rxg2 Kc8 37.Kb2 Kd8 38.Kc3 Be8 39.Rh2 Ke7 1/2-1/2